1792 1891 1027 1962 1143 1750 1430 1316 1949 1999 1405 1221 1936 1624 1359 1385 1078 1187 1459 1606 1550 1230 1510 1420 1396 1681 1028 1666 1513 1099 1602 1022 1760 1786 1358 1821 1748 1888 1598 1717 1727 1796 1300 1720 1750 1685 1303 1031 1917 1282 1209 1182 1154 1215 1378 1747 1330 1860 1002 1444 1398 1104 1836 1765 1954 1027 1149 1120 1279 1056 1268 1762 1345 1229 1199 1100 1802 1300 1341 1390 1112 1458 1627 1566 1914 1564 1425 1781 1946 1118 1683 1743 1423 1121 1107 1058 1930 1481 1093 BCNSPRNW ULIB Ver.6.0+V

เปลี่ยนเป็นภาษาไทย

Change to English
 แสดงรายละเอียดบรรณานุกรม
  กลับหน้าหลัก

Brief Record : Get Marc (ISO 2709) : E-mail record : QR code < ปิดหน้าต่าง
LEADER : 00000nam 2200000uu 4500
001    13399128284
003     ULIB
008    230529s2563||||th 000 0 tha d
020 ^  ^a9786164880825
060 0  ^aWY32^bน645ก
100 0  ^aนิรมัย พิศแข มั่นจิตร.
245 1  ^aกฎหมายว่าด้วยสิทธิของผู้ป่วยและการจัดทำบริการทางด้านสุขภาพ /^cนิรมัย พิศแข มั่นจิตร.
250 ^  ^aพิมพ์ครั้งที่ 2 แก้ไขเพิ่มเติม.
260 ^  ^aกรุงเทพฯ :^bโครงการตำราและเอกสารประกอบการสอน คณะนิติศาสตร์ มหาวิทยาลัยธรรมศาสตร์,^c2563.
300 ^  ^a330 หน้า ;^c26 ซม.
505 2  ^aข้อความคิดทั่วไปว่าด้วยสิทธิในสุขภาพ -- สิทธิของผู้ป่วยก่อนเข้ารับบริการด้านสุขภาพ -- สิทธิของผู้ป่วยในระหว่างและหลังรับบริการด้านสุขภาพ -- การจัดทำบริการทางด้านสุขภาพ : ภารกิจในฐานะผู้ให้บริการ -- นโยบายและการจัดทำบริการสาธารณะทางด้านสุขภาพ -- หลักการพื้นฐานในการจัดทำบริการสาธารณะด้านสุขภาพ -- หน่วยงานสำคัญภาครัฐที่จัดทำบริการสาธารณะด้านสุขภาพ : ภารกิจของรัฐในฐานะผู้ให้บริการหลัก -- หน่วยงานสำคัญภาคเอกชนที่จัดทำบริการด้านสุขภาพ : ภารกิจของเอกชนในฐานะผู้ให้บริการเสริม -- หน่วยงานสำคัญที่มีภารกิจด้านการควบคุมและตรวจสอบ : องค์กรวิชาชีพด้านสุขภาพ.
650 ^  ^aบริการทางการแพทย์^xกฎหมายและระเบียบข้อบังคับ^zไทย.
650 ^  ^aกฎหมายสาธารณสุข^zไทย.
650 ^  ^aสิทธิผู้ป่วย^zไทย.
650 ^  ^aสิทธิการรักษาพยาบาล.
695 ^  ^aHumanities and Social Sciences.
710 2  ^aมหาวิทยาลัยธรรมศาสตร์.^bคณะนิติศาสตร์. โครงการตำราและเอกสารประกอบการสอน.
945    ^p350^l0^i009392
945    ^p350^l0^i009393
945    ^p350^l0^i009394
999    ^aประนอม เกษจรัล
รายการนี้ยังไม่มีแท็ก
คุณยังไม่ได้ล็อกอิน คุณสามารถมีกิจกรรมร่วมกับเว็บไซต์ได้ แต่ต้องล็อกอินก่อน ::
  ล็อกอิน

รายการสื่อสารสนเทศ

ลำดับที่ ประเภท เลขเรียก/บาร์โค้ด สถานที่ สถานะ
1. Book การพยาบาล
หนังสือสำรอง
สถานะ=หนังสือสำรอง
WY32 น645ก ฉ.1 
  Barcode: 009392
ห้องสมุดวิทยาเขตสวรรค์ประชารักษ์
►หนังสือทั่วไป
บนชั้น
2. Book การพยาบาล
Book การพยาบาล
WY32 น645ก ฉ.2 
  Barcode: 009393
ห้องสมุดวิทยาเขตสวรรค์ประชารักษ์
►หนังสือทั่วไป
บนชั้น
3. Book การพยาบาล
Book การพยาบาล
WY32 น645ก ฉ.3 
  Barcode: 009394
ห้องสมุดวิทยาเขตสวรรค์ประชารักษ์
►หนังสือทั่วไป
บนชั้น

รายการใกล้เคียง
    ผู้แต่ง [นิรมัย พิศแข มั่นจิตร.]

    หัวเรื่อง [สิทธิการรักษาพยาบาล.]

BibComment


ยังไม่เคยถูกคอมเมนท์

คอมเมนท์ทรัพยากรรายการนี้
  คอมเมนท์: กฎหมายว่าด้วยสิท..


 Copyright 2026. Bcnsprnw @Library